<?xml version="1.0" encoding="UTF-8"?>
<record
    xmlns:xsi="http://www.w3.org/2001/XMLSchema-instance"
    xsi:schemaLocation="http://www.loc.gov/MARC21/slim http://www.loc.gov/standards/marcxml/schema/MARC21slim.xsd"
    xmlns="http://www.loc.gov/MARC21/slim">

  <leader>03775nam a2200433 i 4500</leader>
  <controlfield tag="001">193455</controlfield>
  <controlfield tag="003">ES-MaACL</controlfield>
  <controlfield tag="005">20240928063101.0</controlfield>
  <controlfield tag="008">230629s2023    sp     | |||| 100 0 spa  </controlfield>
  <datafield tag="017" ind1=" " ind2=" ">
    <subfield code="a">M 14434-2023</subfield>
  </datafield>
  <datafield tag="020" ind1=" " ind2=" ">
    <subfield code="a">9788413527222</subfield>
    <subfield code="q">Obra completa</subfield>
  </datafield>
  <datafield tag="020" ind1=" " ind2=" ">
    <subfield code="a">9788413527208</subfield>
    <subfield code="q">Vol. I</subfield>
  </datafield>
  <datafield tag="020" ind1=" " ind2=" ">
    <subfield code="a">9788413527215</subfield>
    <subfield code="q">Vol. II</subfield>
  </datafield>
  <datafield tag="040" ind1=" " ind2=" ">
    <subfield code="c">ES-MaACL</subfield>
  </datafield>
  <datafield tag="080" ind1=" " ind2=" ">
    <subfield code="a">341.176(4-6 UE)(091)(062.552)</subfield>
  </datafield>
  <datafield tag="111" ind1="2" ind2=" ">
    <subfield code="a">Congreso de Europa</subfield>
    <subfield code="d">(1948.</subfield>
    <subfield code="c">La Haya)</subfield>
    <subfield code="9">234718</subfield>
  </datafield>
  <datafield tag="245" ind1="1" ind2="3">
    <subfield code="a">El Congreso de Europa (La Haya, 1948) :</subfield>
    <subfield code="n"> </subfield>
    <subfield code="b">el nacimiento de la Uni&#xF3;n Europea /</subfield>
    <subfield code="c">Francisco Aldecoa y Eugenio Nasarre (eds.)</subfield>
  </datafield>
  <datafield tag="246" ind1=" " ind2=" ">
    <subfield code="a">Nacimiento de la Uni&#xF3;n Europea</subfield>
  </datafield>
  <datafield tag="260" ind1=" " ind2=" ">
    <subfield code="a">Madrid :</subfield>
    <subfield code="b">Catarata,</subfield>
    <subfield code="c">[2023]</subfield>
  </datafield>
  <datafield tag="300" ind1=" " ind2=" ">
    <subfield code="a">2 vol&#xFA;menes (445, 317 p&#xE1;ginas);</subfield>
    <subfield code="c">24 cm</subfield>
  </datafield>
  <datafield tag="490" ind1="0" ind2=" ">
    <subfield code="a">La Europa a la que vamos</subfield>
    <subfield code="v">; 10</subfield>
  </datafield>
  <datafield tag="500" ind1=" " ind2=" ">
    <subfield code="a">Publicaci&#xF3;n de las Actas completas del Congreso celebrado en La Haya los d&#xED;as 7 al 11 de mayo de 1948</subfield>
  </datafield>
  <datafield tag="500" ind1=" " ind2=" ">
    <subfield code="a">En cubierta: Movimiento Europeo, Consejo Federal Espa&#xF1;ol</subfield>
  </datafield>
  <datafield tag="500" ind1=" " ind2=" ">
    <subfield code="a">&#xCD;ndice </subfield>
  </datafield>
  <datafield tag="500" ind1=" " ind2=" ">
    <subfield code="a">Guardado en caja</subfield>
  </datafield>
  <datafield tag="520" ind1=" " ind2=" ">
    <subfield code="a">En los d&#xED;as 7 al 11 de mayo de 1948 en la todav&#xED;a devastada ciudad de La Haya se celebr&#xF3; el Congreso de Europa, en el que se pusieron los cimientos de la Uni&#xF3;n Europa. Presidido por Winston Churchill y convocado por los Movimientos para la Unidad Europea, congreg&#xF3; a ochocientas personalidades del mundo pol&#xED;tico, econ&#xF3;mico, sindical, universitario, confesiones religiosas, intelectuales y representantes de diversos &#xE1;mbitos de la vida social. El &#xE9;xito del Congreso, promovido por la sociedad civil, y la fecundidad de sus debates lo han convertido en un hecho determinante para la historia de la integraci&#xF3;n europea. Sus "Resoluciones" constituyeron unas orientaciones fundamentales para trazar el camino que se emprendi&#xF3; hacia la construcci&#xF3;n de la Europa Unida.

Este libro publica por primera vez en espa&#xF1;ol las Actas completas del Congreso, que se desarroll&#xF3; en dos sesiones plenarias y en las tres comisiones en las que se dividieron sus trabajos: Comisi&#xF3;n Pol&#xED;tica, Comisi&#xF3;n Econ&#xF3;mica y Social y Comisi&#xF3;n Cultural, presididas por los expresidentes de gobierno Paul Ramadier y Paul Van Zeeland, as&#xED; como por el escritor espa&#xF1;ol Salvador de Madariaga. Los debates son extraordinariamente vivos y en ellos se reflejan las distintas tendencias de la Europa democr&#xE1;tica de la posguerra y sus visiones sobre el futuro del continente. Todos ellos estaban animados por un esp&#xED;ritu com&#xFA;n: la necesidad imperiosa de la uni&#xF3;n pol&#xED;tica de Europa al servicio de la paz y de la prosperidad del continente, bajo los valores superiores de la libertad, la democracia y la dignidad humana. Setenta y cinco a&#xF1;os despu&#xE9;s de la celebraci&#xF3;n del Congreso de Europa, varios autores espa&#xF1;oles complementan la edici&#xF3;n de estas Actas con un an&#xE1;lisis sobre el significado hist&#xF3;rico del Congreso. La lectura de sus Actas resulta indispensable para una comprensi&#xF3;n de las bases y fundamentos de la Uni&#xF3;n Europea. </subfield>
  </datafield>
  <datafield tag="610" ind1="0" ind2="4">
    <subfield code="a">Uni&#xF3;n Europea-</subfield>
    <subfield code="v">Congresos y asambleas</subfield>
    <subfield code="9">7019</subfield>
  </datafield>
  <datafield tag="700" ind1="1" ind2=" ">
    <subfield code="9">174811</subfield>
    <subfield code="a">Aldecoa Luz&#xE1;rraga, Francisco</subfield>
    <subfield code="e">pbl</subfield>
  </datafield>
  <datafield tag="700" ind1="0" ind2=" ">
    <subfield code="9">84958</subfield>
    <subfield code="a">Nasarre, Eugenio</subfield>
    <subfield code="e">pbl</subfield>
  </datafield>
  <datafield tag="710" ind1="2" ind2=" ">
    <subfield code="9">156413</subfield>
    <subfield code="a">Movimiento Europeo. </subfield>
    <subfield code="b">Consejo Federal Espa&#xF1;ol</subfield>
  </datafield>
  <datafield tag="830" ind1=" " ind2=" ">
    <subfield code="9">234813</subfield>
    <subfield code="a">La Europa a la que vamos</subfield>
  </datafield>
  <datafield tag="852" ind1=" " ind2=" ">
    <subfield code="a">ES-MaACL</subfield>
    <subfield code="b">R.154857</subfield>
    <subfield code="c">DEPOJ</subfield>
    <subfield code="h">Donaci&#xF3;n: Editorial </subfield>
    <subfield code="j">N-9629</subfield>
    <subfield code="9">201021</subfield>
    <subfield code="x">Encuadernaci&#xF3;n r&#xFA;stica con solapas</subfield>
  </datafield>
  <datafield tag="852" ind1=" " ind2=" ">
    <subfield code="a">ES-MaACL</subfield>
    <subfield code="b">R. 154857</subfield>
    <subfield code="c">DEPOJ</subfield>
    <subfield code="h">Donaci&#xF3;n: Editorial </subfield>
    <subfield code="j">N-9630</subfield>
    <subfield code="9">201022</subfield>
    <subfield code="x">Encuadernaci&#xF3;n r&#xFA;stica con solapas</subfield>
  </datafield>
  <datafield tag="942" ind1=" " ind2=" ">
    <subfield code="c">MONOGRAFIA</subfield>
    <subfield code="n">0</subfield>
  </datafield>
  <datafield tag="999" ind1=" " ind2=" ">
    <subfield code="c">193455</subfield>
    <subfield code="d">193455</subfield>
  </datafield>
  <datafield tag="952" ind1=" " ind2=" ">
    <subfield code="0">0</subfield>
    <subfield code="1">0</subfield>
    <subfield code="2">udc</subfield>
    <subfield code="4">0</subfield>
    <subfield code="7">0</subfield>
    <subfield code="a">ATENEOM</subfield>
    <subfield code="b">ATENEOM</subfield>
    <subfield code="c">DEPOJ</subfield>
    <subfield code="d">2024-01-11</subfield>
    <subfield code="e">DONACION</subfield>
    <subfield code="h">Vol. I</subfield>
    <subfield code="l">0</subfield>
    <subfield code="o">N-9629</subfield>
    <subfield code="p">101206299</subfield>
    <subfield code="r">2024-01-11 00:00:00</subfield>
    <subfield code="y">MONOGRAFIA</subfield>
  </datafield>
  <datafield tag="952" ind1=" " ind2=" ">
    <subfield code="0">0</subfield>
    <subfield code="1">0</subfield>
    <subfield code="2">udc</subfield>
    <subfield code="4">0</subfield>
    <subfield code="7">0</subfield>
    <subfield code="a">ATENEOM</subfield>
    <subfield code="b">ATENEOM</subfield>
    <subfield code="c">DEPOJ</subfield>
    <subfield code="d">2024-01-11</subfield>
    <subfield code="e">DONACION</subfield>
    <subfield code="h">Vol. II</subfield>
    <subfield code="l">0</subfield>
    <subfield code="o">N-9630</subfield>
    <subfield code="p">101206300</subfield>
    <subfield code="r">2024-01-11 00:00:00</subfield>
    <subfield code="y">MONOGRAFIA</subfield>
  </datafield>
</record>
